000 00485nam a2200181Ia 4500
005 20250508161837.0
008 008 250505s9999 xx 000 0 eng d
037 _aTextual
040 _aFEDL
_beng
_cFEDL
041 _aeng
_2eng
084 _a500, SOB
_qFEDL
100 _aSobel Max A
245 0 _aEssentials of mathematics: Skills and concepts 3
300 _a472p
700 _a Maletsky Evan M
_9771665
942 _cTEXL
_h500, SOB
999 _c1372601
_d1372601